La convivencia en Colombia : (Registro nro. 4896)
[ vista simple ]
| 000 -LEADER | |
|---|---|
| fixed length control field | 01326nam a2200289Ia 4500 |
| 003 - CONTROL NUMBER IDENTIFIER | |
| control field | OSt |
| 005 - DATE AND TIME OF LATEST TRANSACTION | |
| control field | 20200513155946.0 |
| 008 - FIXED-LENGTH DATA ELEMENTS--GENERAL INFORMATION | |
| fixed length control field | 191128s1998 ck ad gr 000 0dspa d |
| 020 ## - INTERNATIONAL STANDARD BOOK NUMBER | |
| International Standard Book Number | 9586018040 |
| 040 ## - CATALOGING SOURCE | |
| Original cataloging agency | CO-JMCR |
| Transcribing agency | CO-JMCR |
| 041 0# - LANGUAGE CODE | |
| Language code of text/sound track or separate title | spa |
| 082 04 - DEWEY DECIMAL CLASSIFICATION NUMBER | |
| Classification number | 307.72 / |
| Item number | S684c |
| Edition number | 23 |
| 100 1# - MAIN ENTRY--PERSONAL NAME | |
| Personal name | Solarte Lindo, Guillermo, |
| Relator term | autor |
| 9 (RLIN) | 3351 |
| 245 13 - TITLE STATEMENT | |
| Title | La convivencia en Colombia : |
| Remainder of title | más allá de las armas / |
| Statement of responsibility, etc. | Guillermo Solarte Lindo ; Lina María Castaño Mesa, Héctor Arena Amorocho |
| 250 ## - EDITION STATEMENT | |
| Edition statement | Primera edición |
| 260 ## - PUBLICATION, DISTRIBUTION, ETC. | |
| Place of publication, distribution, etc. | Bogotá : |
| Name of publisher, distributor, etc. | Iica, TM, |
| Date of publication, distribution, etc. | 1998 |
| 300 ## - PHYSICAL DESCRIPTION | |
| Extent | ix, 108 páginas : |
| Other physical details | tablas, gráficos |
| Dimensions | 23 cm. |
| 490 ## - SERIES STATEMENT | |
| Series statement | Misión rural ; |
| Volume/sequential designation | 7 |
| 504 ## - BIBLIOGRAPHY, ETC. NOTE | |
| Bibliography, etc. note | Incluye bibliografía. |
| 505 ## - FORMATTED CONTENTS NOTE | |
| Formatted contents note | Lo más profundo es la piel -- A sangre fría -- El eterno retorno -- Crear sociedad -- ¿Hacemos las paces? -- Estrategia de pedagogía política "crear sociedad" |
| 520 ## - SUMMARY, ETC. | |
| Summary, etc. | Se analiza el problema de la violencia en Colombia y se indentifica como la base fundamental de la convivencia el asunto de la política. En términos generales se propone la construcción colectiva de las bases políticas. |
| 650 14 - SUBJECT ADDED ENTRY--TOPICAL TERM | |
| Topical term or geographic name entry element | Sociología rural |
| 9 (RLIN) | 4314 |
| 650 24 - SUBJECT ADDED ENTRY--TOPICAL TERM | |
| Topical term or geographic name entry element | Desarrollo social |
| 9 (RLIN) | 4315 |
| 700 1# - ADDED ENTRY--PERSONAL NAME | |
| Personal name | Castaño Mesa, Lina Maria |
| Relator term | autora |
| 9 (RLIN) | 4316 |
| 700 1# - ADDED ENTRY--PERSONAL NAME | |
| Personal name | Arena Amorocho, Héctor |
| Relator term | autor |
| 9 (RLIN) | 4317 |
| 942 ## - ADDED ENTRY ELEMENTS (KOHA) | |
| Source of classification or shelving scheme | Dewey Decimal Classification |
| Koha item type | Books |
| Withdrawn status | Lost status | Source of classification or shelving scheme | Materials specified (bound volume or other part) | Damaged status | Not for loan | Home library | Current library | Shelving location | Date acquired | Source of acquisition | Cost, normal purchase price | Total Checkouts | Full call number | Barcode | Date last seen | Copy number | Price effective from | Koha item type |
|---|---|---|---|---|---|---|---|---|---|---|---|---|---|---|---|---|---|---|
| Dewey Decimal Classification | Donación--15/04/2018-- | Biblioteca Pública José María del Castillo y Rada | Biblioteca Pública José María del Castillo y Rada | General Stacks | 11/28/2019 | Donación | 0.00 | 307.72 / S684c | 430001252 | 05/16/2024 | Ej.1 | 11/28/2019 | Books |